MARC

LEADER 00000nam0a2200000 4500
001 315835
005 20231102002821.0
020 |a RU  |b 82-55486 
035 |a (RuTPU)RU\TPU\book\341272 
090 |a 315835 
100 |a 20160310d1982 m y0rusy5003 ca 
101 0 |a rus 
102 |a RU 
105 |a a j 000zy 
200 1 |a Тепловая изоляция энергетических установок  |e учебное пособие  |f С. Т. Воронков, Д. З. Исэров 
205 |a 3-е изд., перераб. и доп. 
210 |a Москва  |c Высшая школа  |d 1982 
215 |a 216 с.  |c ил. 
225 1 |a Профтехобразование 
606 1 |a Тепловые электрические станции  |x Теплосиловое оборудование  |x Теплоизоляция  |2 stltpush  |3 (RuTPU)RU\TPU\subj\59682  |9 77183 
610 1 |a ТЭС 
610 1 |a теплопередача 
610 1 |a паровые турбины 
610 1 |a теплоизоляционные материалы 
610 1 |a теплоизоляционные конструкции 
610 1 |a организация работы 
610 1 |a монтаж 
610 1 |a ремонт 
610 1 |a механизмы 
610 1 |a приспособления 
610 1 |a трубопроводы 
610 1 |a защитные покрытия 
610 1 |a тепловая изоляция 
610 1 |a охрана труда 
610 1 |a учебные пособия 
675 |a 621.311.22.002.5:621.1(075.3)  |v 3 
700 1 |a Воронков  |b С. Т.  |g Сергей Тимофеевич 
701 1 |a Исэров  |b Д. З.  |g Давид Зиновьевич 
801 0 |a RU  |b RuMRKP  |c 19950704  |g psbo 
801 1 |a RU  |b 63413507  |c 20160310 
801 2 |a RU  |b 63413507  |c 20191119  |g RCR 
942 |c BK